000 02749nam2a2200301 4500
001 RU\NLR\BIBL_A\022590052
005 20251017140856.0
021 _aRU
_bКН-П-25-032085
_9КН-П-25-3172
035 _a(NLR Aleph) 022590052
090 _a13457035
_c13457035
100 _a20250723d2024 u y0rusy50 ca
101 0 _arus
_deng
102 _aRU
105 _ay|||z|||000yy
200 0 _aВып. 14
_fЛ. В. Готчина, Р.Д. Шарапов, Е. В. Баркалова [и др.]
_gпод редакцией государственного советника юстиции 2 класса, доктора юридических наук, профессора А. П. Спиридонова
_gСанкт-Петербургский юридический институт (филиал) Университета прокуратуры Российской Федерации
210 _aСанкт-Петербург
_cОтдел научной информации и издательской деятельности Санкт-Петербургского юридического института (филиала) Университета прокуратуры Российской Федерации
_d2024
215 _a231 с.
300 _aАвт. указаны на обороте тит. с.
300 _aРез. англ.
320 _aБиблиогр. в конце лекций и в подстроч. примеч.
461 0 _1001RU\NLR\BIBL_A\011268354
_12001#$aАктуальные вопросы прокурорской деятельности$eлекции$e[сборник]$fАкад. Генер. прокуратуры Рос. Федерации, Санкт-Петербургский юрид. ин-т (фил.)$g[под ред. Г. В. Штадлера]$vВып. 14
_910806767
_cСанкт-Петербург
_d2015
_fАкад. Генер. прокуратуры Рос. Федерации, Санкт-Петербургский юрид. ин-т (фил.)
_nРедакционно-издательская лаборатория Санкт-Петербургского юридического института (филиала) Академии Генеральной прокуратуры РФ
_oлекции : [сборник]
_tАктуальные вопросы прокурорской деятельности
_vВып. 14
701 1 _aГотчина
_bЛ. В.
_gЛариса Владимировна
701 1 _aШарапов
_bР. Д.
_gРоман Дмитриевич
701 1 _aБаркалова
_bЕ. В.
_gЕлена Владимировна
942 _cBOOK
980 _aNB